| 000 | 00747nam a22001817a 4500 | ||
|---|---|---|---|
| 005 | 20250916164434.0 | ||
| 010 | _aB775329-342 20BACCHEN25 | ||
| 020 |
_a9789359540887 _c499.00 |
||
| 035 | _aB775329-342 | ||
| 037 | _bScholastic India Pvt.Ltd | ||
| 082 | _a551.46 | ||
| 245 |
_aWhy Don't Sharks Have Bones?; _bQuestions And Answers About Sea Creatures/ _hEnglish |
||
| 260 | _c2023 | ||
| 300 |
_a128 p. _c18 cm.(pb) |
||
| 700 |
_aSwami chetanananda _976691 |
||
| 942 |
_2ddc _cCH _h551.46 _mWHY |
||
| 999 |
_c209684 _d209684 |
||